La Función diplomática

Պահպանված է:
Մատենագիտական մանրամասներ
Հիմնական հեղինակ: Jara Roncati, Eduardo
Ձևաչափ: Տեքստ
Հրապարակվել է: Santiago: PNUD. CEPAL
Ցուցիչներ: Ավելացրեք ցուցիչ
Չկան պիտակներ, Եղեք առաջինը, ով նշում է այս գրառումը!

MARC

LEADER 00000 a a2200000 04500
001 24803
003
040 |a CRAI/IIS  |c CRAI/IIS 
090 |a 174800  
100 |a Jara Roncati, Eduardo  
245 |a La Función diplomática  
260 |a Santiago:   |b PNUD. CEPAL  
300 |a 386 p   |b **no definido**   |b il.  
999 |c 14679  |d 14679